000 00280nam a2200133Ia 4500
008 260604s9999 xx 000 0 und d
020 _a9789349983991
082 _a824 MOH
100 _aMOHANTY
_935408
245 0 _aMISS OR TAKE
260 _bDPS
500 _aLife
942 _cBK
999 _c8223
_d8223